000 01155nam a2200313 a 4500
001 000111593
003 CHAP
005 20220329144220.0
008 150618s2015 mx a |sm |||||||spa d
010 _a108054
011 _a109026
040 _cCHAP
090 _aTesis
100 1 _aTrujillo Murillo, Juan
_9129476
245 1 0 _aAnálisis de la cadena de valor del sorgo grano en Guanajuato, México
_h[En línea]
_cpor Juan Trujillo Murillo.
260 _aChapingo, Méx. :
_bEl autor,
_c2015.
500 _aPara ver el contenido del material haga clic en la liga
502 _aTesis (M. C. en Economía Agrícola y de los Recursos Naturales) -- UACH. División de Ciencias Económico Adminisrativas
590 _aE5652GLJ
_b05
_c20150618
_lUCH01
_h1206
590 _aE5652GLJ
_b05
_c20150618
_lUCH01
_h1206
650 1 4 _aSorgo
_xAspectos económicos.
_9108629
650 1 4 _aSorgo
_xCostos de producción
_zGuanajuato.
_9129494
650 1 4 _aSorgo
_xProducción.
_9108709
650 1 4 _aSorgo
_xRendimiento.
_9108714
856 _aFinding aid
_uhttp://10.13.5.2/tesis/sist111593.pdf
_zTeclea aquí
901 _aBK
942 _cTESIS
942 _n0
999 _c108054
_d108054